Welcome to CU Library Online Public Access Catalogue (OPAC)

Mathematical Statistics and Data Analysis (Record no. 8494)

MARC details
000 -LEADER
fixed length control field 00440nam a22001577a 4500
005 - DATE AND TIME OF LATEST TRANSACTION
control field 20251202160836.0
008 - FIXED-LENGTH DATA ELEMENTS--GENERAL INFORMATION
fixed length control field 251202b |||||||| |||| 00| 0 eng d
020 ## - INTERNATIONAL STANDARD BOOK NUMBER
International Standard Book Number 9788131519547
050 ## - LIBRARY OF CONGRESS CALL NUMBER
Classification number QA276.12
Item number .R53
100 ## - MAIN ENTRY--PERSONAL NAME
Personal name Rice, John A.
245 ## - TITLE STATEMENT
Title Mathematical Statistics and Data Analysis
Statement of responsibility, etc. John A. Rice
250 ## - EDITION STATEMENT
Edition statement 3rd ed.
260 ## - PUBLICATION, DISTRIBUTION, ETC.
Place of publication, distribution, etc. Andover
Name of publisher, distributor, etc. Cengage
Date of publication, distribution, etc. 2007
300 ## - PHYSICAL DESCRIPTION
Extent xvi. 603.63p
Other physical details ill.
Dimensions 24.5cm
942 ## - ADDED ENTRY ELEMENTS (KOHA)
Source of classification or shelving scheme Library of Congress Classification
Koha item type Books
Edition 3rd ed.
Suppress in OPAC No
999 ## -
-- 8494
-- 8494
Holdings
Withdrawn status Lost status Source of classification or shelving scheme Damaged status Not for loan Collection Home library Current library Shelving location Date acquired Total checkouts Full call number Barcode Date last seen Copy number Price effective from Koha item type
    Library of Congress Classification     Non-fiction Science Library (Miotso) Science Library (Miotso) General stacks 12/02/2025   QA276.12 .R53 RIC SLM00006526 12/02/2025 1 12/02/2025 Books
© 2023-2024 Copyright: Central University Libraries. All Rights Reserved | Created by: Mahone Tech Office